| 000 | 01028nam a2200265Ia 4500 | ||
|---|---|---|---|
| 003 | OSt | ||
| 005 | 20220923211421.0 | ||
| 006 | a|||||r|||| 00| 0 | ||
| 007 | ta | ||
| 008 | 220922b |||||||| |||| 00| 0 hin d | ||
| 020 |
_a9788192850863 (hbk) _c300 |
||
| 024 | _a354,019 | ||
| 037 |
_bG-941/21-22, 28/12/2021, hinohar Publisher & Distributors _cTextual |
||
| 040 |
_aARTS _cARTS _bhin |
||
| 041 |
_2hin _ahin |
||
| 082 | _aYwM20, 152Q9 | ||
| 100 | _aभोला, रचना, 'यामिनी', ले. | ||
| 245 | 0 | _aईश्वरचंद्र विद्यासागर | |
| 246 | _aĪshvarachandra vidyāsāgara | ||
| 260 |
_aनई दिल्ली _b विद्या विकास एकेडेमी _c2019 |
||
| 300 |
_a142पृ. _ccm. |
||
| 650 | _aसमाजशास्त्र | ||
| 942 |
_hYwM20, 152Q9 _cTEXL _2CC |
||
| 999 |
_c299256 _d299256 |
||